[Event "TURNIEJ O PUCHAR UKS PALAC MLODZIEZY KATOWICE Z OKAZJI DNIA NIEPODLEGLOSCI"]
[Site "Centrum Kongresow i Rekreacji Orle Gniazdo ul. Wrzosowa 28a, Szczyrk"]
[Date "1899-12-30"]
[Round "7.51"]
[White "Majdecki, Robert"]
[Black "Choina, Jan"]
[Result "1-0"]
[WhiteTitle "II"]
[BlackTitle "II"]
[WhiteElo "1589"]
[BlackElo "1238"]

1. d4 Nf6 2. c4 e5 3. Nc3 exd4 4. Qxd4 Nc6 5. Qh4 h6 6. Nd5 Bb4+ 7. Nc3 d6 8. Bd2
Be6 9. e3 O-O 10. a3 Bxc3 11. Bxc3 Nd7 12. Qxd8 Raxd8 13. Nf3 Nde5 14. Nxe5 Nxe5
15. b3 a6 16. f4 Ng4 17. Ke2 b5 18. h3 Nf6 19. Bxf6 gxf6 20. Kf2 bxc4 21. bxc4
a5 22. Bd3 d5 23. c5 d4 24. e4 Kh8 25. Rhb1 Rg8 26. Rb7 Rc8 27. f5 Bd7 28. Ra7
Bc6 29. Ba6 Rce8 30. Bd3 Bxe4 31. Bxe4 Rxe4 32. Rxc7 Rf4+ 33. Kg1 Rxf5 34. Rxf7
Rxc5 35. Rf1 Rc6 36. Rd1 Rd6 37. g4 d3 38. Kf2 Re8 39. Rc7 d2 40. Rc2 Red8 41.
Ke2 Re8+ 42. Kf3 Red8 43. Kf4 Kg7 44. h4 Rd4+ 45. Kf3 R4d6 46. h5 Kf7 47. Rc7+
Kg8 48. Rc2 Kf7 49. Rc3 Kg8 50. Ke2 Re8+ 51. Re3 Rxe3+ 52. Kxe3 Rb6 53. Rxd2 Rb3+
54. Rd3 Rxd3+ 55. Kxd3 Kf7 56. Kc4 Ke6 57. Kb5 f5 58. gxf5+ Kxf5 59. Kxa5 Kg5
60. Kb4 Kxh5 61. a4 Kg4 62. a5 h5 63. a6 h4 64. a7 h3 65. a8=Q Kg3 66. Qh1 Kh4
67. Kc4 Kg3 68. Kd4 h2 69. Ke4 Kh3 70. Kf4 Kh4 71. Qxh2# 1-0

[Event "TURNIEJ O PUCHAR UKS PALAC MLODZIEZY KATOWICE Z OKAZJI DNIA NIEPODLEGLOSCI"]
[Site "Centrum Kongresow i Rekreacji Orle Gniazdo ul. Wrzosowa 28a, Szczyrk"]
[Date "1899-12-30"]
[Round "7.52"]
[White "Mocko, Maciej"]
[Black "Rainer, Piotr"]
[Result "0-1"]
[WhiteTitle "II"]
[BlackTitle "III"]
[WhiteElo "1315"]
[BlackElo "1198"]

1. e4 c5 2. Nf3 Nc6 3. d4 cxd4 4. Nxd4 e5 5. Nb5 d6 6. N1c3 a6 7. Na3 b5 8. Nd5
Nce7 9. c3 Nxd5 10. exd5 Nf6 11. Nc2 Be7 12. Bg5 O-O 13. Ne3 Ne4 14. Bxe7 Qxe7
15. Bd3 Nf6 16. O-O Bb7 17. Re1 Rac8 18. Rc1 Kh8 19. Bc2 Rc5 20. Bb3 Nd7 21. Qf3
Nf6 22. Rcd1 h6 23. Nf5 Qd7 24. Re3 Bc8 25. Ng3 Re8 26. Ne4 Nxe4 27. Rxe4 Qf5
28. Qxf5 Bxf5 29. Re3 a5 30. Rf3 Bg6 31. a3 Rec8 32. h3 Bh5 33. Rdd3 Bxf3 34.
Rxf3 Kg8 35. Kh2 g5 36. Kg3 f5 37. Rxf5 0-1

[Event "TURNIEJ O PUCHAR UKS PALAC MLODZIEZY KATOWICE Z OKAZJI DNIA NIEPODLEGLOSCI"]
[Site "Centrum Kongresow i Rekreacji Orle Gniazdo ul. Wrzosowa 28a, Szczyrk"]
[Date "1899-12-30"]
[Round "7.53"]
[White "Gazda, Dominik"]
[Black "Marcinkowski, Jan"]
[Result "1-0"]
[WhiteTitle "II+"]
[BlackTitle "II"]
[WhiteElo "1294"]
[BlackElo "1155"]

1. e4 c6 2. Nf3 d5 3. exd5 cxd5 4. d4 Nd7 5. Bd3 e6 6. c3 a6 7. O-O Bd6 8. Be3
Qc7 9. h3 Ngf6 10. Re1 O-O 11. Nbd2 b5 12. Bg5 h6 13. Bxf6 Nxf6 14. Ne5 Bxe5 15.
dxe5 Nd7 16. Nf3 Nc5 17. Bc2 Bb7 18. b4 Nd7 19. Qd3 g6 20. Qe3 Kh7 21. Nh4 Rac8
22. Qg3 Rg8 23. Qf3 Rg7 24. Rac1 d4 25. Qd1 dxc3 26. Re3 Nxe5 27. Rxc3 Qd7 28.
Qxd7 Nxd7 29. Rxc8 Bxc8 30. Bxg6+ fxg6 31. Rxc8 Ne5 32. Re8 Nc6 33. Rxe6 Nxb4
34. a3 Nc2 35. Rxa6 b4 36. axb4 Nxb4 37. Rb6 Nd5 38. Rd6 Nc3 39. Kf1 g5 40. Nf5
Rg6 41. Rd7+ Kh8 42. Ke1 Re6+ 43. Kd2 Ne4+ 44. Kc2 Nxf2 45. Rd8+ Kh7 46. Rd7+
Kg6 47. Ne7+ Kh5 48. Nf5 Re2+ 49. Kb3 Kg6 50. Nd4 Re3+ 51. Kc2 1-0

[Event "TURNIEJ O PUCHAR UKS PALAC MLODZIEZY KATOWICE Z OKAZJI DNIA NIEPODLEGLOSCI"]
[Site "Centrum Kongresow i Rekreacji Orle Gniazdo ul. Wrzosowa 28a, Szczyrk"]
[Date "1899-12-30"]
[Round "7.54"]
[White "Wawro, Kacper"]
[Black "Kosztyla, Mateusz"]
[Result "1/2-1/2"]
[WhiteTitle "III"]
[BlackTitle "II"]
[WhiteElo "1223"]
[BlackElo "1288"]

1. d4 d5 2. c4 e6 3. Nf3 Nf6 4. Bg5 Be7 5. Nc3 h6 6. Bh4 b6 7. e3 Bb7 8. Bd3 Nbd7
9. O-O O-O 10. Bc2 c5 11. b3 dxc4 12. bxc4 Rc8 13. Qd3 Ba6 14. Nd2 cxd4 15. exd4
Qc7 16. Bb3 Rfd8 17. Rac1 Nc5 18. d5 Nxb3 19. axb3 exd5 20. Nxd5 Rxd5 21. Qe3
Re5 22. Qc3 Re8 23. Nf3 Re6 24. Nd4 Re4 25. Bg3 Qd7 26. Rcd1 Bb4 27. Qxb4 Rxd4
28. Rxd4 Qxd4 29. Qa4 Rd8 30. Qxa6 Qd1 31. Qa1 Qxb3 32. Qxa7 Rd1 33. Qe7 Rxf1+
34. Kxf1 Qxc4+ 35. Qe2 Qc1+ 36. Qe1 Qc4+ 37. Qe2 Qc1+ 38. Qe1 Qc6 39. Be5 Qb5+
40. Qe2 Qc6 1/2-1/2

[Event "TURNIEJ O PUCHAR UKS PALAC MLODZIEZY KATOWICE Z OKAZJI DNIA NIEPODLEGLOSCI"]
[Site "Centrum Kongresow i Rekreacji Orle Gniazdo ul. Wrzosowa 28a, Szczyrk"]
[Date "1899-12-30"]
[Round "7.55"]
[White "Kazmierowski, Tymon"]
[Black "Tomkiewicz, Szymon"]
[Result "0-1"]
[WhiteTitle "II"]
[BlackTitle "II"]
[WhiteElo "1133"]
[BlackElo "1276"]

1. e4 d5 2. exd5 Qxd5 3. Nc3 Qa5 4. d4 c6 5. Nf3 Nf6 6. Bf4 e6 7. Bd3 Qd8 8. O-O
Bd6 9. Qd2 O-O 10. Ne4 Nxe4 11. Bxe4 f5 12. Bd3 Qc7 13. Bxd6 Qxd6 14. Ne5 Nd7
15. Rfe1 Qxd4 16. Nf3 Qd6 17. Bc4 Qxd2 18. Nxd2 Nc5 19. Nb3 Nxb3 20. axb3 Re8
21. Bd3 Kh8 22. Bxf5 Bd7 23. Bd3 e5 24. Re3 Re7 25. f4 Rae8 26. fxe5 Rxe5 27.
Rxe5 Rxe5 28. Rf1 Kg8 29. Bc4+ Be6 30. Bxe6+ Rxe6 31. Kf2 Rf6+ 32. Ke2 Re6+ 33.
Kd3 Rd6+ 34. Kc4 Rd2 35. Kc3 Rxg2 36. Ra1 a6 37. h4 Rh2 38. Ra4 Rh3+ 39. Kd2 Kf7
40. Rb4 b5 41. Rf4+ Ke6 42. Rg4 g6 43. Ke2 Kf5 44. Rd4 Ke5 45. Rd2 Rxh4 46. Kd1
Rh1+ 47. Ke2 Rh2+ 48. Kd3 Rxd2+ 49. Kxd2 h5 50. Ke2 g5 51. Kf2 h4 52. Kg2 g4 53.
Kh2 Kf4 54. Kg2 g3 55. Kg1 h3 56. b4 g2 57. c3 Kg3 58. b3 h2# 0-1

[Event "TURNIEJ O PUCHAR UKS PALAC MLODZIEZY KATOWICE Z OKAZJI DNIA NIEPODLEGLOSCI"]
[Site "Centrum Kongresow i Rekreacji Orle Gniazdo ul. Wrzosowa 28a, Szczyrk"]
[Date "1899-12-30"]
[Round "7.56"]
[White "Zerebiec, Maurycy"]
[Black "Jedras, Adrianna"]
[Result "1/2-1/2"]
[WhiteTitle "II"]
[BlackTitle "I"]
[WhiteElo "1248"]
[BlackElo "1101"]

1. d4 d5 2. c4 dxc4 3. e3 e5 4. Bxc4 exd4 5. Qxd4 Qxd4 6. exd4 Bb4+ 7. Nc3 Nf6
8. Bf4 c6 9. Nge2 O-O 10. Kd2 Ne4+ 11. Ke3 Nxc3 12. Nxc3 Re8+ 13. Kd2 Nd7 14.
a3 Ba5 15. Rae1 Rxe1 16. Rxe1 h6 17. Bd3 g5 18. Re8+ Kg7 19. Be5+ Nxe5 20. dxe5
b5 21. Be4 Bb7 22. Rxa8 Bxa8 23. b4 Bb6 24. f3 Bg1 25. h3 Bh2 26. e6 fxe6 27.
Nxb5 cxb5 28. Bxa8 Be5 29. Kc2 Kf6 30. Bc6 Kf5 31. Bxb5 Bc7 32. Bd7 Kf4 33. Bxe6
Kg3 34. Bg4 Kxg2 35. Kb3 Kf2 36. Kc4 Ke3 37. a4 Kf4 38. a5 Ke5 39. Kc5 Bd6+ 40.
Kb5 Kd5 41. Ka6 Bxb4 42. Kxa7 Bxa5 43. Ka6 Bc7 44. Kb5 Ke5 45. Kc4 Kf6 46. Kd5
Kg6 47. Ke6 h5 48. Bf5+ Kh6 49. Be4 Bf4 50. Kf5 h4 51. Kf6 Be3 52. Kf5 Bf4 53.
Kg4 Be3 1/2-1/2

[Event "TURNIEJ O PUCHAR UKS PALAC MLODZIEZY KATOWICE Z OKAZJI DNIA NIEPODLEGLOSCI"]
[Site "Centrum Kongresow i Rekreacji Orle Gniazdo ul. Wrzosowa 28a, Szczyrk"]
[Date "1899-12-30"]
[Round "7.57"]
[White "Rosenfeld, Noe"]
[Black "Karut, Kacper"]
[Result "1-0"]
[WhiteTitle "II"]
[BlackTitle "II"]
[WhiteElo "1243"]
[BlackElo "1129"]

1. e4 c5 2. Nf3 e6 3. d4 cxd4 4. Nxd4 a6 5. c4 d6 6. Nc3 Nf6 7. Bd3 Be7 8. Be3
Nbd7 9. f4 O-O 10. O-O b6 11. Qf3 Bb7 12. Qh3 Qc7 13. Rf3 e5 14. fxe5 Nxe5 15.
Rff1 Nxd3 16. Rxf6 Bxf6 17. Nf5 Qd7 18. Bxb6 Bc8 19. Rd1 Nf4 20. Qf3 Be5 21. Bd4
Qc7 22. Bxe5 dxe5 23. Nd5 Nxd5 24. cxd5 Bxf5 25. exf5 Rad8 26. Qg3 g6 27. f6 Rd7
28. Qg5 Kh8 29. Rd3 Rc8 30. Rc3 Qa7+ 31. Kh1 Rxc3 32. bxc3 Rd8 33. d6 Qf2 34.
h3 Qf4 1-0

[Event "TURNIEJ O PUCHAR UKS PALAC MLODZIEZY KATOWICE Z OKAZJI DNIA NIEPODLEGLOSCI"]
[Site "Centrum Kongresow i Rekreacji Orle Gniazdo ul. Wrzosowa 28a, Szczyrk"]
[Date "1899-12-30"]
[Round "7.58"]
[White "Jakubowska, Urszula"]
[Black "Olsztynski, Jan"]
[Result "1-0"]
[WhiteTitle "I"]
[BlackTitle "III"]
[WhiteElo "1450"]
[BlackElo "1122"]

1. b4 d5 2. e3 e5 3. Bb2 Nd7 4. Nf3 Bd6 5. b5 Ngf6 6. c4 dxc4 7. Bxc4 b6 8. O-O
Bb7 9. Nc3 h6 10. Qb3 O-O 11. Nd5 e4 12. Nxf6+ Nxf6 13. Ne5 Bxe5 14. Bxe5 Qe7
15. Bxf6 Qxf6 16. Bd5 Bxd5 17. Qxd5 Qe6 18. Qxe6 fxe6 19. Rac1 Rac8 20. Rc4 Rfd8
21. Rd1 Rd3 22. Rxe4 Re8 23. a4 Ra3 24. g3 Rxa4 25. Rxa4 Ra8 26. Rda1 Rd8 27.
Rxa7 Rxd2 28. Rxc7 Rb2 29. Rcc1 Rxb5 30. Rab1 Rxb1 31. Rxb1 Kf7 32. Rxb6 Kf6 33.
Kg2 g5 34. Kf3 Kf5 35. Rb5+ Kf6 36. Ke4 Kg6 37. Ke5 Kf7 38. Rb7+ Kg6 39. Kxe6
Kh5 40. Rh7 g4 41. Rf7 Kg5 42. e4 h5 43. Rg7+ Kh6 44. Rg8 h4 45. gxh4 g3 46. hxg3
Kh7 47. Kf7 Kh6 48. Rh8# 1-0

[Event "TURNIEJ O PUCHAR UKS PALAC MLODZIEZY KATOWICE Z OKAZJI DNIA NIEPODLEGLOSCI"]
[Site "Centrum Kongresow i Rekreacji Orle Gniazdo ul. Wrzosowa 28a, Szczyrk"]
[Date "1899-12-30"]
[Round "7.59"]
[White "Lewicka, Natalia"]
[Black "Kotowicz, Kamil"]
[Result "1/2-1/2"]
[WhiteTitle "II"]
[BlackTitle "II"]
[WhiteElo "1389"]
[BlackElo "1123"]

1. e4 c6 2. d4 d5 3. e5 Bf5 4. Bd3 Bxd3 5. Qxd3 Nd7 6. Nf3 e6 7. O-O Ne7 8. Qb3
Nb6 9. Bd2 Nf5 10. Ba5 Be7 11. Nbd2 O-O 12. c4 dxc4 13. Nxc4 Nxd4 14. Nxd4 Qxd4
15. Nxb6 axb6 16. Bxb6 Qd5 17. Qxd5 cxd5 18. Rfe1 Rfc8 19. Bd4 Rc6 20. Bc3 Rac8
21. a3 g6 22. h3 Bd8 23. Rec1 Ba5 24. b4 Bxb4 25. axb4 Rxc3 26. Rxc3 Rxc3 27.
Ra8+ Kg7 28. Rb8 Rc7 29. b5 Rd7 30. Rc8 d4 31. Kf1 d3 32. Ke1 f6 33. exf6+ Kxf6
34. b6 Rd6 35. Rc3 d2+ 36. Kd1 Rxb6 37. Kxd2 Rd6+ 38. Ke3 h5 39. Rb3 Rd7 40. h4
e5 41. g3 Kf5 42. f3 g5 43. hxg5 Kxg5 44. Rb5 Kf6 45. Ke4 Rd4+ 46. Ke3 Rd7 47.
f4 exf4+ 48. gxf4 Re7+ 49. Kf3 Ke6 50. Rxh5 b6 51. Rh6+ Kf5 52. Rh5+ Kf6 53. Rb5
Rb7 54. Ke4 Ke6 55. f5+ Kf6 56. Kf4 Kf7 57. Ke5 Ke7 58. f6+ Kf7 59. Kf5 Kf8 60.
Ke6 Ke8 61. Kd6 Rf7 62. Ke6 Rb7 63. Kf5 Kf7 64. Ke5 Kf8 65. Ke6 Ke8 66. Kf5 Kf7
67. Ke5 Kf8 68. Ke6 Ke8 69. Kd6 1/2-1/2

[Event "TURNIEJ O PUCHAR UKS PALAC MLODZIEZY KATOWICE Z OKAZJI DNIA NIEPODLEGLOSCI"]
[Site "Centrum Kongresow i Rekreacji Orle Gniazdo ul. Wrzosowa 28a, Szczyrk"]
[Date "1899-12-30"]
[Round "7.60"]
[White "Szewc, Dobromila"]
[Black "Bien, Hubert"]
[Result "0-1"]
[WhiteTitle "II"]
[BlackTitle "II"]
[WhiteElo "1102"]
[BlackElo "1267"]

1. e4 e6 2. d4 d5 3. e5 c5 4. c3 Nc6 5. Nf3 Qb6 6. Be3 Qxb2 7. Nbd2 Qxc3 8. Rc1
Qa5 9. dxc5 Qd8 10. Nb3 Nge7 11. Bb5 Bd7 12. O-O a6 13. Bxc6 Nxc6 14. Qd3 Be7
15. Nfd2 Nxe5 16. Qd4 Bf6 17. Qf4 Ng6 18. Qg4 e5 19. Qf3 d4 20. Bxd4 exd4 21.
Rfe1+ Ne7 22. Ne4 O-O 23. Nxf6+ gxf6 24. Qg3+ Kh8 25. Qh4 Ng6 26. Qe4 Bc6 27.
Qxd4 Qxd4 28. Nxd4 Rfe8 29. Nf5 Kg8 30. Rb1 Be4 31. Nd6 Bxb1 32. Nxe8 Bf5 33.
Nxf6+ Kg7 34. Ne8+ Kf8 35. Nd6 Be6 36. Nxb7 Rc8 37. Rc1 Ne7 38. Nd6 Rc6 39. a4
Nf5 40. Ne4 Nd4 41. Kf1 Nb3 42. Rc3 Nd4 43. Rc1 h6 0-1

[Event "TURNIEJ O PUCHAR UKS PALAC MLODZIEZY KATOWICE Z OKAZJI DNIA NIEPODLEGLOSCI"]
[Site "Centrum Kongresow i Rekreacji Orle Gniazdo ul. Wrzosowa 28a, Szczyrk"]
[Date "1899-12-30"]
[Round "7.61"]
[White "Grzyb, Anna"]
[Black "Mytnik, Kinga"]
[Result "0-1"]
[WhiteTitle "II"]
[BlackTitle "I"]
[WhiteElo "1087"]
[BlackElo "1241"]

1. d4 d5 2. c4 dxc4 3. e3 e5 4. Bxc4 Nc6 5. Qf3 Nf6 6. Ne2 Bg4 7. Qg3 Bxe2 8. Bxe2
exd4 9. exd4 Nxd4 10. Qe5+ Be7 11. Bd3 Qd6 12. Qxd6 Bxd6 13. O-O O-O 14. Bg5 Nh5
15. Nc3 h6 16. Be3 Ne6 17. Be4 Rab8 18. Bxa7 Ra8 19. Be3 c6 20. Rfd1 Bb4 21. Ne2
Rfd8 22. Nd4 Nxd4 23. Bxd4 Re8 24. Bf3 Ra5 25. a3 Bf8 26. b4 Rb5 27. Kf1 Nf4 28.
Be3 Ne6 29. Rd3 c5 30. bxc5 Bxc5 31. Bxc5 Nxc5 32. Rd5 b6 33. Rad1 Ra5 34. Ra1
Nb3 35. Rxa5 bxa5 36. Rd1 Rb8 37. h3 g6 38. g4 f6 39. Bd5+ Kf8 40. Re1 Nc5 41.
Be4 Nxe4 42. Rxe4 Rb1+ 43. Kg2 Rb3 44. Ra4 Rb5 45. Kg3 Ke7 46. h4 Ke6 47. f3 Rc5
48. Re4+ Kf7 49. Ra4 Rb5 50. Rd4 Ke6 51. Ra4 g5 52. hxg5 hxg5 53. Rc4 Kd5 54.
Re4 Rb3 55. Ra4 Rb5 56. f4 gxf4+ 57. Kxf4 Ke6 58. Re4+ Kd6 59. Kg3 Rc5 60. Kf4
Re5 61. Kg3 Rxe4 62. Kh4 Re3 63. Kh5 Rxa3 64. Kg6 Rf3 65. g5 fxg5 66. Kxg5 a4
67. Kg4 Rb3 68. Kf4 a3 69. Ke4 a2 70. Kd4 a1=Q+ 71. Kc4 Qc3# 0-1

[Event "TURNIEJ O PUCHAR UKS PALAC MLODZIEZY KATOWICE Z OKAZJI DNIA NIEPODLEGLOSCI"]
[Site "Centrum Kongresow i Rekreacji Orle Gniazdo ul. Wrzosowa 28a, Szczyrk"]
[Date "1899-12-30"]
[Round "7.62"]
[White "Markiewicz, Krzysztof"]
[Black "Zubrycka, Marta"]
[Result "1-0"]
[WhiteTitle "II"]
[BlackTitle "II"]
[WhiteElo "1231"]
[BlackElo "1108"]

1. e4 e5 2. Nf3 Nc6 3. Bb5 a6 4. Bxc6 dxc6 5. h3 Bd6 6. O-O Nf6 7. Re1 O-O 8. d4
Qe7 9. Bg5 h6 10. Bh4 Rd8 11. Qe2 exd4 12. e5 Bxe5 13. Qxe5 Qxe5 14. Rxe5 g5 15.
Bg3 Be6 16. Re2 Rd7 17. Nbd2 Bc4 18. Nxc4 Rad8 19. Rae1 b5 20. Ncd2 Kg7 21. Be5
Re7 22. Bxf6+ Kxf6 23. Rxe7 Kg7 24. Rxc7 Rd6 25. Ree7 Rf6 26. Ne5 Rd6 27. Rxf7+
Kg8 28. Rc8+ Rd8 29. Rxd8# 1-0

[Event "TURNIEJ O PUCHAR UKS PALAC MLODZIEZY KATOWICE Z OKAZJI DNIA NIEPODLEGLOSCI"]
[Site "Centrum Kongresow i Rekreacji Orle Gniazdo ul. Wrzosowa 28a, Szczyrk"]
[Date "1899-12-30"]
[Round "7.63"]
[White "Grodzicki, Piotr"]
[Black "Macura, Krzysztof"]
[Result "1-0"]
[WhiteTitle "II"]
[BlackTitle "IV"]
[WhiteElo "1199"]
[BlackElo "1079"]

1. e4 d6 2. d4 g5 3. Bxg5 f6 4. Bh4 Bh6 5. Nf3 e6 6. Be2 d5 7. e5 Qd7 8. O-O Ne7
9. Bxf6 Rg8 10. Bd3 Nf5 11. c3 Qf7 12. Nbd2 Qg6 13. g3 Bf4 14. Bxf5 exf5 15. Nh4
Qf7 16. Ndf3 Nc6 17. Ng2 h5 18. Nxf4 h4 19. Bxh4 b6 20. e6 Qh7 21. Qd2 Ba6 22.
Rfe1 Rg4 23. e7 Nxe7 24. Rxe7+ Qxe7 25. Bxe7 Kxe7 26. Nh4 Rag8 27. Re1+ Kf6 28.
Qe3 Rxh4 29. Qe5+ Kg5 30. Ne6+ 1-0

[Event "TURNIEJ O PUCHAR UKS PALAC MLODZIEZY KATOWICE Z OKAZJI DNIA NIEPODLEGLOSCI"]
[Site "Centrum Kongresow i Rekreacji Orle Gniazdo ul. Wrzosowa 28a, Szczyrk"]
[Date "1899-12-30"]
[Round "7.64"]
[White "Tomkiewicz, Jakub"]
[Black "Rylski, Tadeusz"]
[Result "1-0"]
[WhiteTitle "II"]
[BlackTitle "II"]
[WhiteElo "1190"]
[BlackElo "1066"]

1. e4 e5 2. Nf3 Nc6 3. Bc4 Nf6 4. Nc3 Bb4 5. d3 Nd4 6. a3 Ba5 7. b4 Bb6 8. Bg5
O-O 9. Nd5 h6 10. Nxf6+ gxf6 11. Bxh6 Re8 12. Nxd4 Bxd4 13. Rb1 d6 14. O-O a6
15. Qh5 Qe7 16. Be3 Bc3 17. f4 exf4 18. Bxf4 Bd4+ 19. Kh1 f5 20. Qg5+ Qxg5 21.
Bxg5 fxe4 22. Bxf7+ Kf8 23. Bh6+ Ke7 24. Bxe8 Kxe8 25. Rf8+ Ke7 26. Rbf1 Be6 27.
Rxa8 b5 28. Rxa6 Bb2 29. Ra8 exd3 30. cxd3 Bd4 31. Raf8 Bb2 32. Bg5+ Kd7 33. Bf6
Bxa3 34. Rf2 Bxb4 35. Rc2 Ba5 36. Rd8# 1-0

[Event "TURNIEJ O PUCHAR UKS PALAC MLODZIEZY KATOWICE Z OKAZJI DNIA NIEPODLEGLOSCI"]
[Site "Centrum Kongresow i Rekreacji Orle Gniazdo ul. Wrzosowa 28a, Szczyrk"]
[Date "1899-12-30"]
[Round "7.65"]
[White "Gaczol, Julia"]
[Black "Jendrowiak, Maciej"]
[Result "0-1"]
[WhiteTitle "II"]
[BlackTitle "III"]
[WhiteElo "1060"]
[BlackElo "1182"]

1. e4 e5 2. Nf3 Nc6 3. d4 exd4 4. Nxd4 Bc5 5. Nxc6 Qf6 6. Qe2 dxc6 7. Be3 Bxe3
8. Qxe3 Ne7 9. Nc3 Ng6 10. Bd3 Bd7 11. O-O-O O-O 12. g3 Ne5 13. f4 Nxd3+ 14. Rxd3
Rad8 15. h3 Be6 16. Rxd8 Rxd8 17. g4 h6 18. Qf3 g5 19. f5 Bc4 20. h4 gxh4 21.
Qf2 Qd4 22. Qxh4 Qe3+ 23. Kb1 Rd6 24. Qh3 Qxh3 25. Rxh3 Kg7 26. Kc1 Bf1 27. Rf3
Bg2 28. Rf2 Bh3 29. Rf3 0-1

[Event "TURNIEJ O PUCHAR UKS PALAC MLODZIEZY KATOWICE Z OKAZJI DNIA NIEPODLEGLOSCI"]
[Site "Centrum Kongresow i Rekreacji Orle Gniazdo ul. Wrzosowa 28a, Szczyrk"]
[Date "1899-12-30"]
[Round "8.1"]
[White "Markiewicz, Jerzy"]
[Black "Warakomski, Tomasz"]
[Result "0-1"]
[WhiteTitle "FM"]
[BlackTitle "IM"]
[WhiteElo "2175"]
[BlackElo "2485"]

1. e4 g6 2. d4 Bg7 3. Nc3 c6 4. f4 d5 5. e5 Qb6 6. Rb1 Nh6 7. Nf3 O-O 8. Be3 f6
9. h3 fxe5 10. fxe5 Nf5 11. Bf2 Bh6 12. Qd3 Ng7 13. g4 Ne6 14. Ne2 Qa5+ 15. c3
Qxa2 16. Bg2 Qc4 17. Qxc4 dxc4 18. Nd2 Bxd2+ 19. Kxd2 Rxf2 0-1

[Event "TURNIEJ O PUCHAR UKS PALAC MLODZIEZY KATOWICE Z OKAZJI DNIA NIEPODLEGLOSCI"]
[Site "Centrum Kongresow i Rekreacji Orle Gniazdo ul. Wrzosowa 28a, Szczyrk"]
[Date "1899-12-30"]
[Round "8.2"]
[White "Goluch, Piotr"]
[Black "Prohorov, Olexandr"]
[Result "0-1"]
[WhiteTitle "FM"]
[BlackTitle "k"]
[WhiteElo "2264"]
[BlackElo "2074"]

1. e4 c6 2. d4 d5 3. e5 g6 4. f4 Bg7 5. Nf3 Bg4 6. Be2 f6 7. O-O Nh6 8. c4 O-O
9. Nc3 dxc4 10. Be3 b5 11. Ne4 Nd7 12. h3 Be6 13. a4 a6 14. g4 Qc7 15. Qe1 Bd5
16. Nc3 b4 17. Nxd5 cxd5 18. Qxb4 Rfe8 19. e6 Nf8 20. Qd2 Nxe6 21. Kg2 Nf7 22.
f5 gxf5 23. gxf5 Nf8 24. Bf4 Qd7 25. Qc2 Nd6 26. Nh4 Ne4 27. Kh2 Rab8 28. Rg1
Kh8 29. Ra3 Rb6 30. Bf3 Ng5 31. Bh5 Reb8 32. Bc1 Rb3 33. Rxb3 Rxb3 34. Bf4 Qb7
35. Rg2 Qb4 36. Bxg5 fxg5 37. Nf3 h6 38. Ne5 Bxe5+ 39. dxe5 c3 40. bxc3 Rxc3 41.
Qf2 Qf4+ 42. Qxf4 gxf4 43. Bf7 Nd7 44. f6 exf6 45. e6 Ne5 46. e7 Nf3+ 47. Kh1
Rc1+ 0-1

[Event "TURNIEJ O PUCHAR UKS PALAC MLODZIEZY KATOWICE Z OKAZJI DNIA NIEPODLEGLOSCI"]
[Site "Centrum Kongresow i Rekreacji Orle Gniazdo ul. Wrzosowa 28a, Szczyrk"]
[Date "1899-12-30"]
[Round "8.3"]
[White "Rozycki, Bartlomiej"]
[Black "Urbanski, Grzegorz"]
[Result "1-0"]
[WhiteTitle "k++"]
[BlackTitle "k"]
[WhiteElo "2061"]
[BlackElo "2164"]

1. e4 e6 2. d4 d5 3. Nd2 dxe4 4. Nxe4 Nd7 5. Nf3 Ngf6 6. Bd3 Nxe4 7. Bxe4 Nf6 8.
Qe2 Nxe4 9. Qxe4 Qd5 10. Qd3 b6 11. Bf4 c6 12. O-O Bb7 13. c4 Qh5 14. Rfe1 Be7
15. Re5 Qg6 16. Qe2 O-O 17. Re3 Bf6 18. Be5 Rfd8 19. c5 bxc5 20. dxc5 a5 21. Rd1
Ba6 22. Rxd8+ Bxd8 23. Qd1 Bc4 24. Nd4 Bf6 25. Bxf6 Qxf6 26. Nxc6 Bxa2 27. Ne5
Bd5 28. c6 Rc8 29. Qc2 Qf4 30. h3 Qd4 31. c7 Qb6 32. Rc3 f6 33. Nd7 Qd6 34. Nb8
h5 35. Nc6 Kf7 36. Nxa5 h4 37. Nc4 Qa6 38. Ne3 Bb7 39. Qd2 Ke7 40. Qd4 Qa1+ 41.
Kh2 Qa6 42. Qc5+ Qd6+ 43. Qxd6+ Kxd6 44. Nc4+ Ke7 45. Nb6 Rh8 46. c8=Q Bxc8 47.
Rxc8 Rh5 48. Rc7+ Kd6 49. Rxg7 Rb5 50. Nc8+ Ke5 51. Ne7 Rxb2 52. Ng6+ Kd6 53.
Nxh4 Rxf2 54. Kg3 Ra2 55. Nf3 e5 56. Rg6 Ke6 57. h4 Ra3 58. Kf2 e4 59. Nd4+ Ke5
60. Ne2 f5 61. g3 Rf3+ 62. Kg2 Re3 63. Nf4 Ra3 64. Re6+ Kd4 65. Rd6+ Ke3 66. Rd5
Ra2+ 67. Kh3 Kf3 68. Rxf5 e3 69. Ng2+ Ke4 70. Rf4+ Kd3 71. Rf3 Re2 72. Nf4+ 1-0

[Event "TURNIEJ O PUCHAR UKS PALAC MLODZIEZY KATOWICE Z OKAZJI DNIA NIEPODLEGLOSCI"]
[Site "Centrum Kongresow i Rekreacji Orle Gniazdo ul. Wrzosowa 28a, Szczyrk"]
[Date "1899-12-30"]
[Round "8.4"]
[White "Wacior, Maciej"]
[Black "Filewicz, Radoslaw"]
[Result "0-1"]
[WhiteTitle "I++"]
[BlackTitle "I"]
[WhiteElo "1960"]
[BlackElo "1879"]

1. d4 Nf6 2. Nf3 e6 3. Bf4 c5 4. e3 d5 5. c3 Bd6 6. Bg3 O-O 7. Bd3 Nc6 8. Nbd2
Re8 9. Ne5 Bxe5 10. dxe5 Nd7 11. Nf3 Qc7 12. Bxh7+ Kxh7 13. Ng5+ Kg8 14. Qh5 Nf8
15. h4 Nxe5 16. O-O-O c4 17. Nf3 Nd3+ 18. Rxd3 Qe7 19. Rdd1 f6 20. Nd4 Bd7 21.
Qe2 e5 22. Nc2 Be6 23. h5 Nh7 24. f4 Bf5 25. Rxd5 exf4 26. Bxf4 Bd3 27. Rxd3 cxd3
28. Qxd3 Rad8 29. Qc4+ Qf7 30. Qa4 a6 31. Nd4 b5 32. Qa3 Qc4 33. h6 g5 34. Qxa6
gxf4 35. Qb7 Qf7 36. Qxb5 fxe3 37. Rh3 e2 38. Nxe2 Kh8 39. Rf3 Qg6 40. Rg3 Qe4
41. Nd4 Qe1+ 42. Kc2 Qxg3 43. Qb7 Qg5 44. Nf5 Qxf5+ 45. Kb3 Qd5+ 0-1

[Event "TURNIEJ O PUCHAR UKS PALAC MLODZIEZY KATOWICE Z OKAZJI DNIA NIEPODLEGLOSCI"]
[Site "Centrum Kongresow i Rekreacji Orle Gniazdo ul. Wrzosowa 28a, Szczyrk"]
[Date "1899-12-30"]
[Round "8.5"]
[White "Kowalczyk, Rafal"]
[Black "Banasik, Henryk"]
[Result "1-0"]
[WhiteTitle "k+"]
[BlackTitle "k"]
[WhiteElo "2271"]
[BlackElo "1805"]

1. e4 c5 2. c3 e5 3. Bc4 Nf6 4. Qe2 Nc6 5. d3 Be7 6. Nf3 O-O 7. Nbd2 d6 8. Nf1
h6 9. Bb3 a5 10. a4 Be6 11. Bc4 Nh5 12. g3 Bxc4 13. dxc4 f5 14. exf5 Rxf5 15.
Ne3 Rf7 16. Bd2 e4 17. Ng1 Nf6 18. f4 exf3 19. Nxf3 Ne4 20. O-O Qd7 21. Nd5 Nxd2
22. Nxd2 Rxf1+ 23. Rxf1 Rf8 24. Rxf8+ Kxf8 25. Qf3+ Kg8 26. Ne4 Qe6 27. b3 Ne5
28. Qe2 Bd8 29. Nf4 Qd7 30. Qd1 Be7 31. Qd5+ Kh7 32. Nxc5 dxc5 33. Qxe5 Qd1+ 34.
Kg2 Qc2+ 35. Qe2 Qxe2+ 36. Nxe2 g5 37. Kf3 Kg6 38. Ke4 h5 39. Ke5 h4 40. g4 Bd8
41. h3 Bc7+ 42. Kd5 b6 43. Kc6 Bd8 44. Kd7 Bf6 45. Ke6 Bd8 46. Ng1 Bf6 47. Ne2
Bg7 48. Kd7 Bf6 49. Kc7 Be7 50. Kxb6 Kf6 51. Kxa5 Ke5 52. Kb6 Ke4 53. a5 Bd8+
54. Kb5 Bxa5 55. Kxa5 Ke3 56. b4 Kxe2 57. bxc5 Kf3 58. c6 Kg3 59. c7 Kxh3 60.
c8=Q Kg3 61. Qc7+ Kg2 62. Qe5 h3 63. Qxg5 h2 64. Qh4 1-0

[Event "TURNIEJ O PUCHAR UKS PALAC MLODZIEZY KATOWICE Z OKAZJI DNIA NIEPODLEGLOSCI"]
[Site "Centrum Kongresow i Rekreacji Orle Gniazdo ul. Wrzosowa 28a, Szczyrk"]
[Date "1899-12-30"]
[Round "8.6"]
[White "Mroziak, Maciej"]
[Black "Miasik, Adrian"]
[Result "1-0"]
[WhiteTitle "m"]
[BlackTitle "I"]
[WhiteElo "2207"]
[BlackElo "1732"]

1. e4 e5 2. Nf3 Nc6 3. d4 exd4 4. Nxd4 Bc5 5. Nb3 Be7 6. Nc3 d6 7. Be2 Nf6 8. O-O
O-O 9. f4 Be6 10. Bf3 Qc8 11. h3 Re8 12. Re1 Bf8 13. Nd4 Nxd4 14. Qxd4 a6 15.
Be3 h6 16. Rad1 c5 17. Qd2 Qc7 18. Bf2 Rad8 19. Bh4 Be7 20. Qf2 Nd7 21. Bxe7 Rxe7
22. f5 Bc4 23. b3 Bb5 24. Nd5 1-0

[Event "TURNIEJ O PUCHAR UKS PALAC MLODZIEZY KATOWICE Z OKAZJI DNIA NIEPODLEGLOSCI"]
[Site "Centrum Kongresow i Rekreacji Orle Gniazdo ul. Wrzosowa 28a, Szczyrk"]
[Date "1899-12-30"]
[Round "8.7"]
[White "Trybowska, Barbara"]
[Black "Szymczak, Zbigniew"]
[Result "0-1"]
[WhiteTitle "I"]
[BlackTitle "IM"]
[WhiteElo "1665"]
[BlackElo "2190"]

1. e4 c5 2. Nf3 e6 3. d4 cxd4 4. Nxd4 a6 5. Be3 Nf6 6. Bd3 Nc6 7. O-O Be7 8. Nc3
O-O 9. Kh1 d6 10. f4 Bd7 11. Nf3 b5 12. a3 Rc8 13. Qe2 Na5 14. e5 Ne8 15. Qf2
Nc4 16. Rab1 Qc7 17. Bxc4 Qxc4 18. Rbd1 d5 19. Nd4 Bxa3 20. Nce2 Bxb2 21. Rd3
f6 22. exf6 Nxf6 23. Bc1 Bxc1 24. Rxc1 e5 25. Rc3 Qb4 26. Rxc8 Bxc8 27. c3 Qd6
28. fxe5 Qxe5 29. Qe1 Ne4 30. Nf3 Qh5 31. Qg1 Bg4 32. h3 Bxf3 33. gxf3 Qxh3+ 34.
Qh2 Qxf3+ 35. Qg2 Qxe2 36. Qxe2 Ng3+ 37. Kg2 Nxe2 38. Rc2 Nf4+ 39. Kg3 g5 0-1